Statistics for Common Ions

Click here to take the quiz!

General Stats

  • This quiz has been taken 5 times
  • The average score is 32 of 60

Answer Stats

HintAnswer% Correct
CN-Cyanide
100%
CH3COOAcetate
75%
Br-Bromide
75%
Cl-Chloride
75%
Cr3+Chromium (III)
75%
Cr6+Chromium (VI)
75%
Cu+Copper (I)
75%
Cu2+Copper (II)
75%
F-Fluoride
75%
OH-Hydroxide
75%
I-Iodide
75%
Fe2+Iron (II)
75%
Fe3+Iron (III)
75%
Pb2+Lead (II)
75%
Hg2+Mercury (II)
75%
Ni2+Nickel (II)
75%
(NO3)-Nitrate
75%
(NO2)-Nitrite
75%
Sn2+Tin (II)
75%
Sn4+Tin (IV)
75%
Al3+Aluminum (III)
50%
(BrO3)-Bromate
50%
(BrO2)-Bromite
50%
(ClO3)-Chlorate
50%
(ClO2)-Chlorite
50%
(CrO4)2-Chromate
50%
Co2+Cobalt (II)
50%
Co3+Cobalt (III)
50%
CN-Cyanide
50%
(Cr2O7)2-Dichromate
50%
(H2PO4)-Dihydrogen Phosphate
50%
(HCO3)-Hydrogen Carbonate
50%
(HPO4)2-Hydrogen Phosphate
50%
(HSO4)-Hydrogen Sulfate
50%
(HSO3)-Hydrogen Sulfite
50%
(IO3)-Iodate
50%
(IO2)-Iodite
50%
(Hg2)2+Mercury (I)
50%
(MnO4)-Permanganate
50%
(PO4)3-Phosphate
50%
(SeO4)2-Selenate
50%
(SiO4)3-Silicate
50%
Ag+Silver Ion
50%
(SO4)2-Sulfate
50%
(SO3)2-Sulfite
50%
SCN-Thiocyanate
50%
Zn2+Zinc Ion
50%
(NH4)+Ammonium Ion
25%
(AsO4)2-Arsenate
25%
Cd2+Cadmium (II)
25%
BrO-Hypobromite
25%
ClO-Hypochlorite
25%
IO-Hypoiodite
25%
N3-Nitride
25%
(O)2-Oxide
25%
(ClO4)-Perchlorate
25%
(IO4)-Periodate
25%
P3-Phosphide
25%
(S)2-Sulfide
25%
(TeO4)2-Tellurate
25%

Score Distribution

Percentile by Number Answered

Percent of People with Each Score

Your Score History

You have not taken this quiz